000 00846cam a2200205 4500
001 WB3723-33
008 000000n2001 000 0 eng u
035 _a(Sirsi) u113102
245 _aLife after subsidies
260 _c2001
490 _aHerald
_v 13 June 2001, 22(1)
520 _aNew Zealand's monitor system could provide a blueprint for the future of British agriculture. A study of the monitor farm programme, which was instrumental in improving physical and financial performance of farms through collective learning, after the withdrawal of subsidies, shows that the system may have real benefits for farmers and agriculture in the UK.
590 _aWB
650 _aNEW ZEALAND
650 _aRURAL ECONOMY
650 _aFARM SUBSIDIES
650 _aUNITED KINGDOM
690 _aRURAL-AGRICULTURE AND FORESTRY
942 _n0
999 _c67332
_d67332